| 000 | 01584nam a2200253 u 4500 | ||
|---|---|---|---|
| 005 | 20230223063547.0 | ||
| 008 | 191202s2018 mx r 000 0 spa d | ||
| 020 | _a9786070309458 | ||
| 035 | _aUPN01000234504 | ||
| 040 |
_aMX-MxUPN _bspa _cMX-MxUPN |
||
| 050 |
_aE183.8 M6 _bH57 2018 |
||
| 245 | 0 | 0 |
_aHistoria binacional : _bMéxico-Estados Unidos / _cPatricia Galeana, coordinadora. |
| 250 | _aPrimera edición | ||
| 260 |
_aCiudad de México : _bInstituto Nacional de Estudios Históricos de las Revoluciones de México : _bSiglo Veintiuno Editores, _c©2018 |
||
| 300 | _a418 páginas | ||
| 490 | _aHistoria (Instituto Nacional de Estudios Históricos de las Revoluciones de México) | ||
| 505 | 0 | _aGeografía y destino ; Historia binacional de México y Estados Unidos, siglo XIX / Patricia Galeana -- Relaciones exteriores entre México y Estados Unidos en el siglo XIX, 1821-1910 / Peter L. Reich -- La visión mexicana del siglo XX al XXI / Walter Astié-Burgos -- Revolución, petróleo, el TLCAN, cooperación política y de seguridad / Carlos Alberto Contreras -- Los chicanos en la encrucijada de las historias binacionales / David R. Maciel -- Devolver la frontera : los mexicanos en la frontera moderna : conflictos y resoluciones transfronterizas / Juan Gómez-Quiñones. | |
| 651 | 4 |
_aMéxico _xRelaciones exteriores _zEstados Unidos _96689 |
|
| 651 | 4 |
_aEstados Unidos _xRelaciones exteriores _zMéxico _97995 |
|
| 700 | 1 |
_aGaleana de Valadés, Patricia, _d1946- _ecoordinadora _eeditora _937884 |
|
| 905 | _aLibro | ||
| 942 |
_n0 _2lcc _cLIBRO |
||
| 999 |
_c206599 _d206599 |
||